[Event "Dortmund Sparkassen op-B"]
[Site "Dortmund"]
[Date "2014.07.15"]
[Round "4"]
[White "Fimmers, Heinrich"]
[Black "Schneider, Daniel3333"]
[Result "1-0"]
[WhiteElo "1428"]
[BlackElo "1128"]
[PlyCount "99"]
[EventDate "2014.07.12"]
[EventType "swiss"]
[EventRounds "9"]
[EventCountry "GER"]
[SourceTitle "EXT 2022"]
[Source "ChessBase"]
[SourceDate "2021.10.06"]
[SourceVersion "1"]
[SourceVersionDate "2021.10.06"]
[SourceQuality "1"]

1. d4 d5 2. c4 Nf6 3. cxd5 Nxd5 4. e4 Nb6 5. Nc3 e6 6. Nf3 Nc6 7. Be2 Bb4 8. 0-0 Bxc3 9. bxc3 0-0 10. Bg5 Qd7 11. Bb5 a6 12. Be2 h6 13. Bf4 Qd8 14. Qc2 Nd7 15. Rfd1 Qe8 16. Bxc7 e5 17. Bd6 Ne7 18. Nxe5 Nxe5 19. Bxe5 Nc6 20. Bd6 Ne7 21. c4 Bd7 22. c5 Rc8 23. Rab1 b5 24. Qd3 Kh8 25. d5 Rg8 26. c6 Nxc6 27. dxc6 Bxc6 28. f3 Rd8 29. Qc3 Rc8 30. Qb2 Qe6 31. Bf4 Rge8 32. Rd6 Qe7 33. Rxh6+ Kg8 34. Rd6 f5 35. Rd4 fxe4 36. fxe4 Bxe4 37. Bd3 Bxd3 38. Rxd3 Qh4 39. Rg3 Re7 40. Bg5 Qe4 41. Bxe7 Qxe7 42. Qb3+ Rc4 43. a4 Qf7 44. Rf1 Qa7+ 45. Kh1 Qf7 46. Rgf3 Qc7 47. Rf8+ Kh7 48. Qd3+ Kh6 49. Rh8+ Kg5 50. Qf5# 1-0

[Event "Dortmund Sparkassen op-B"]
[Site "Dortmund"]
[Date "2014.07.13"]
[Round "2"]
[White "Brock, Udo"]
[Black "Fimmers, Heinrich"]
[Result "1-0"]
[WhiteElo "1729"]
[BlackElo "1428"]
[PlyCount "51"]
[EventDate "2014.07.12"]
[EventType "swiss"]
[EventRounds "9"]
[EventCountry "GER"]
[SourceTitle "EXT 2022"]
[Source "ChessBase"]
[SourceDate "2021.10.06"]
[SourceVersion "1"]
[SourceVersionDate "2021.10.06"]
[SourceQuality "1"]

1. d4 d5 2. Nf3 Nf6 3. e3 e6 4. Bd3 c5 5. b3 cxd4 6. exd4 Bb4+ 7. c3 Be7 8. 0-0 b6 9. Ne5 Qc7 10. Bb2 Nbd7 11. f4 Bb7 12. Nd2 0-0-0 13. Nxf7 Rhf8 14. Nxd8 Qxd8 15. Qe2 Re8 16. Nf3 Bd6 17. Ne5 Re7 18. Ba6 Kb8 19. Bxb7 Kxb7 20. c4 dxc4 21. Qf3+ Ka6 22. Nc6 Qc7 23. Nxe7 Bxe7 24. bxc4 Qxc4 25. Rac1 Qb5 26. Qb3 1-0

[Event "Dortmund Sparkassen op-B"]
[Site "Dortmund"]
[Date "2012.07.20"]
[Round "7"]
[White "Fimmers, Heinrich"]
[Black "Rauscher, Joachim"]
[Result "0-1"]
[WhiteElo "1501"]
[BlackElo "1697"]
[PlyCount "48"]
[EventDate "2012.07.14"]
[EventType "swiss"]
[EventRounds "9"]
[EventCountry "GER"]
[SourceTitle "EXT 2014"]
[Source "ChessBase"]
[SourceDate "2013.11.20"]
[SourceVersion "1"]
[SourceVersionDate "2013.11.20"]
[SourceQuality "1"]

1. d4 d5 2. c4 e6 3. Nc3 Nf6 4. Bg5 h6 5. Bh4 Be7 6. e3 0-0 7. Nf3 b6 8. cxd5 Nxd5 9. Bxe7 Nxe7 10. Qc2 Bb7 11. Be2 Ng6 12. Rc1 Qe7 13. 0-0 Na6 14. a3 Rac8 15. b4 c6 16. Qa4 b5 17. Qc2 Nb8 18. Bd3 Nh4 19. Nxh4 Qxh4 20. Ne4 Rfd8 21. Nc5 Ba8 22. Be4 Nd7 23. Nxd7 Rxd7 24. Qc5 Qxe4 0-1

[Event "Dortmund Sparkassen op-B"]
[Site "Dortmund"]
[Date "2012.07.17"]
[Round "4"]
[White "Fimmers, Heinrich"]
[Black "Sherif, Malik"]
[Result "1-0"]
[WhiteElo "1501"]
[BlackElo "1287"]
[PlyCount "109"]
[EventDate "2012.07.14"]
[EventType "swiss"]
[EventRounds "9"]
[EventCountry "GER"]
[SourceTitle "EXT 2014"]
[Source "ChessBase"]
[SourceDate "2013.11.20"]
[SourceVersion "1"]
[SourceVersionDate "2013.11.20"]
[SourceQuality "1"]

1. d4 c5 2. Nf3 cxd4 3. Nxd4 Nc6 4. e4 Qb6 5. c3 Nf6 6. f3 a6 7. Qb3 Qxb3 8. Nxb3 e6 9. Be3 d5 10. N1d2 Bd7 11. Bd3 Ne5 12. Bc2 Ba4 13. 0-0 Rc8 14. Rac1 b5 15. Bd4 Ned7 16. Bd3 e5 17. Be3 Bxb3 18. Nxb3 Nc5 19. Nxc5 Bxc5 20. Bxc5 Rxc5 21. exd5 Rxd5 22. Rfd1 Ke7 23. c4 bxc4 24. Bxc4 Ra5 25. Bb3 Ne8 26. Rc8 Rb5 27. Rd5 Rf8 28. Rxb5 axb5 29. Rc5 Nd6 30. Rxe5+ Kf6 31. Rd5 Ke7 32. Rc5 Rc8 33. Rxc8 Nxc8 34. Bc2 h6 35. Kf2 Kd6 36. Ke3 Nb6 37. Bb3 f6 38. h4 Ke5 39. g4 g5 40. h5 f5 41. gxf5 Kxf5 42. Bf7 Kf6 43. Be8 Nc4+ 44. Kd4 Kf5 45. Bxb5 Nxb2 46. a4 Nxa4 47. Bxa4 g4 48. Bd7+ Kg5 49. Bxg4 Kf4 50. Kd5 Kg5 51. Ke5 Kh4 52. Kf6 Kg3 53. Kg6 Kf4 54. Kxh6 Ke3 55. Kg7 1-0

[Event "Dortmund Sparkassen op-B"]
[Site "Dortmund"]
[Date "2011.07.27"]
[Round "5"]
[White "Fimmers, Heinrich"]
[Black "Ophuels, Jan"]
[Result "0-1"]
[WhiteElo "1508"]
[BlackElo "1638"]
[PlyCount "133"]
[EventDate "2011.07.23"]
[EventType "swiss"]
[EventRounds "9"]
[EventCountry "GER"]
[SourceTitle "EXT 2013"]
[Source "ChessBase"]
[SourceDate "2012.11.22"]
[SourceVersion "1"]
[SourceVersionDate "2012.11.22"]
[SourceQuality "1"]

1. d4 Nf6 2. c4 c5 3. d5 b5 4. e3 g6 5. Qc2 d6 6. Nf3 Bg7 7. e4 0-0 8. cxb5 a6 9. Nc3 axb5 10. Bxb5 Ba6 11. 0-0 Qb6 12. Bxa6 Nxa6 13. a3 Rfb8 14. Rb1 Qb3 15. Qxb3 Rxb3 16. Nd2 Rb7 17. Nc4 Nd7 18. Bg5 Rab8 19. Bd2 Ne5 20. Nxe5 Bxe5 21. b4 cxb4 22. axb4 Rxb4 23. Rxb4 Rxb4 24. f3 Rb2 25. Rd1 Rxd2 26. Rxd2 Bxc3 27. Re2 Nc5 28. Kf1 Kg7 29. Rc2 Be5 30. g3 Kf6 31. f4 Bd4 32. Ke2 e5 33. Kf3 Ke7 34. fxe5 Bxe5 35. Rc4 f5 36. exf5 gxf5 37. Rh4 Kf6 38. Rxh7 Ne4 39. Ra7 Bd4 40. Ra6 Ke5 41. Ra5 Bg1 42. h3 Bh2 43. g4 f4 44. h4 Bg3 45. Ra4 Nc3 46. Rc4 Nxd5 47. Re4+ Kf6 48. Rd4 Ke6 49. Re4+ Kd7 50. h5 Nf6 51. Re2 Nh7 52. Ra2 Ng5+ 53. Kg2 Nf7 54. Ra5 Ke6 55. g5 Be1 56. Ra4 Kf5 57. g6 Nh6 58. Kf3 Bg3 59. g7 Kf6 60. Ra6 Ke7 61. Ra8 Kf7 62. Rd8 Kxg7 63. Rxd6 Nf5 64. Rg6+ Kf7 65. Ke4 Ng7 66. Rxg3 fxg3 67. h6 0-1

[Event "Cologne Longerich op 6th"]
[Site "Cologne"]
[Date "2009.08.23"]
[Round "5"]
[White "Fimmers, Heinrich"]
[Black "Margenberg, Volker"]
[Result "1-0"]
[WhiteElo "1464"]
[BlackElo "1514"]
[PlyCount "116"]
[EventDate "2009.08.21"]
[EventType "swiss"]
[EventRounds "5"]
[EventCountry "GER"]
[SourceTitle "EXT 2012"]
[Source "ChessBase"]
[SourceDate "2011.11.24"]
[SourceVersion "1"]
[SourceVersionDate "2011.11.24"]
[SourceQuality "1"]

1. d4 Nf6 2. c4 g6 3. Nc3 Bg7 4. e4 d6 5. Be2 0-0 6. Nf3 Nbd7 7. 0-0 e5 8. d5 Nc5 9. Qc2 a5 10. Be3 Na6 11. a3 Ng4 12. Bd2 Bd7 13. Ne1 f5 14. f3 Nf6 15. Nd3 f4 16. b4 axb4 17. axb4 c6 18. Rfb1 cxd5 19. cxd5 Qb6+ 20. Kh1 Rac8 21. Qd1 h5 22. Be1 g5 23. b5 Nc5 24. Bf2 Qc7 25. Nxc5 dxc5 26. b6 Qd6 27. Ra7 Rb8 28. Qb3 Kh7 29. Na4 Bxa4 30. Qxa4 Nd7 31. Qc2 Rfc8 32. Ra5 Bf8 33. Qb3 Be7 34. Rb5 Ra8 35. Qb2 Ra6 36. Qc2 Qf6 37. Rc1 Rxb6 38. Rxb6 Qxb6 39. Rb1 Qc7 40. Bb5 Nf6 41. Qc3 Ra8 42. Kg1 Bd6 43. Qb3 Kh6 44. Be1 Qb6 45. Kf1 Qa7 46. Bc4 Rb8 47. Bc3 b6 48. Bb5 g4 49. Qb2 Qc7 50. Bc6 gxf3 51. gxf3 Nh7 52. Ke2 Qg7 53. Rf1 Qg2+ 54. Rf2 Qh3 55. Bxe5 Bxe5 56. Qxe5 Rf8 57. d6 Rf6 58. d7 Rf8 1-0

[Event "Cologne Ford op"]
[Site "Cologne"]
[Date "2009.05.25"]
[Round "5"]
[White "Brinkmann, Katharina"]
[Black "Fimmers, Heinrich"]
[Result "1/2-1/2"]
[WhiteElo "1522"]
[BlackElo "1433"]
[PlyCount "59"]
[EventDate "2009.04.27"]
[EventType "swiss"]
[EventRounds "7"]
[EventCountry "GER"]
[SourceTitle "EXT 2011"]
[Source "ChessBase"]
[SourceDate "2010.11.26"]
[SourceVersion "1"]
[SourceVersionDate "2010.11.26"]
[SourceQuality "1"]

1. d4 d5 2. c4 e6 3. Nc3 Nf6 4. Nf3 Nbd7 5. cxd5 exd5 6. e3 c6 7. Bd3 Bd6 8. 0-0 0-0 9. a3 Re8 10. Qc2 Nf8 11. h3 Bd7 12. b4 Rc8 13. e4 dxe4 14. Nxe4 Nxe4 15. Bxe4 Be7 16. Qd3 Be6 17. Re1 Bf6 18. Bf4 Ng6 19. Bg3 Re7 20. Rad1 Rd7 21. Qe3 b6 22. Bc2 Ne7 23. Ne5 Bxe5 24. Bxe5 Ng6 25. f4 Nxe5 26. dxe5 Rxd1 27. Rxd1 Qe7 28. f5 Bd5 29. Qc3 Re8 30. Re1 1/2-1/2

[Event "Cologne Ford op"]
[Site "Cologne"]
[Date "2009.05.11"]
[Round "3"]
[White "Meinhardt, Guenther"]
[Black "Fimmers, Heinrich"]
[Result "1/2-1/2"]
[WhiteElo "1756"]
[BlackElo "1433"]
[PlyCount "109"]
[EventDate "2009.04.27"]
[EventType "swiss"]
[EventRounds "7"]
[EventCountry "GER"]
[SourceTitle "EXT 2011"]
[Source "ChessBase"]
[SourceDate "2010.11.26"]
[SourceVersion "1"]
[SourceVersionDate "2010.11.26"]
[SourceQuality "1"]

1. d4 d5 2. e4 dxe4 3. Nc3 Nf6 4. Bg5 Bg4 5. f3 exf3 6. Nxf3 e6 7. Be2 Be7 8. 0-0 Nd5 9. Bxe7 Nxe7 10. Ne4 Nbc6 11. c3 0-0 12. h3 Bf5 13. Ng3 h6 14. a4 Qd6 15. Nh1 Nd5 16. Re1 Ne3 17. Qd2 Nc2 18. g4 Nxe1 19. Rxe1 Bh7 20. g5 e5 21. gxh6 Qg6+ 22. Kh2 Qxh6 23. Qxh6 gxh6 24. d5 Ne7 25. Ng3 Nxd5 26. Nxe5 Rae8 27. Nd7 Re6 28. Nxf8 Kxf8 29. Rd1 c6 30. a5 Ke7 31. a6 bxa6 32. Bxa6 Nf4 33. Bc4 Rd6 34. Rxd6 Kxd6 35. Bxf7 a5 36. Bc4 Nd3 37. b3 Nc5 38. h4 Bc2 39. b4 axb4 40. cxb4 Nd7 41. Nf1 Nb6 42. Bf7 Nd5 43. Bxd5 cxd5 44. Nd2 Kc6 45. Nf3 Kd6 46. Kg3 Be4 47. Nd2 Kc6 48. Nxe4 dxe4 49. Kf4 Kb5 50. Kxe4 Kxb4 51. Kf5 Kc5 52. h5 Kd6 53. Kg6 Ke6 54. Kg7 Ke7 55. Kxh6 1/2-1/2